| 000 | 00512nam a2200157 a 4500 | ||
|---|---|---|---|
| 005 | 20140412111236.0 | ||
| 008 | 001120s19uu xx 00 eng d | ||
| 020 | _a0-914395-02-5 | ||
| 050 |
_aTR(GS 372.4 _bH11 1984 |
||
| 100 | _aHargrave, Rowena | ||
| 245 |
_aThe blue book : _bbasic reading skills / _cby Rowena Hargrave and Ruth Bersin ; edited by Joureene Panvier. |
||
| 260 |
_aPeotone, Ill : _bContemporary Learning Materials Inc, _c1984. |
||
| 300 | _a96 p.; ill. | ||
| 650 | _aReading | ||
| 999 |
_c102469 _d102469 |
||